| 000 | 00916nam a22002537a 4500 | ||
|---|---|---|---|
| 005 | 20170124102949.0 | ||
| 010 | _aA-313318 | ||
| 020 | _c25.00 | ||
| 035 | _aA-313318 | ||
| 037 | _bCen Lib/Ret | ||
| 040 |
_aDPL _bHN |
||
| 082 |
_aउ _bमाचवे |
||
| 100 |
_aमाचवे, प्रभाकर _951078 |
||
| 245 |
_aद्वाभा / _cप्रभाकर माचवे / |
||
| 246 |
_aDwabha / _bby Prabhakar Machve |
||
| 260 |
_a दिल्ली _bकिताबघर _c1986 |
||
| 270 |
_bदिल्ली _aमेन रोड, दरयागंज _e110031 |
||
| 300 |
_a113पृ. _c17सेमी(सजिल्द ) |
||
| 650 |
_aहिंदी साहित्य _x _z _951079 |
||
| 650 |
_aहिंदी उपन्यास _951080 |
||
| 650 |
_aHindi literature _951081 |
||
| 650 |
_aHindi fiction _927248 |
||
| 942 |
_2ddc _cHN _hउ _mमाचवे |
||
| 999 |
_c113197 _d113197 |
||